<?xml version='1.0' encoding='UTF-8'?>
  <record xmlns="http://www.loc.gov/MARC21/slim">
    <leader>00000cam a2200000 i 4500</leader>
    <controlfield tag="001">on1378771887</controlfield>
    <controlfield tag="003">OCoLC</controlfield>
    <controlfield tag="005">20240226201321.6</controlfield>
    <controlfield tag="008">230511s1875    ne            000 0 dut d</controlfield>
    <datafield tag="040" ind1=" " ind2=" ">
      <subfield code="a">QGE</subfield>
      <subfield code="b">dut</subfield>
      <subfield code="c">QGE</subfield>
      <subfield code="e">rda</subfield>
      <subfield code="d">QGE</subfield>
      <subfield code="d">OCLCL</subfield>
      <subfield code="d">OCLCQ</subfield>
    </datafield>
    <datafield tag="019" ind1=" " ind2=" ">
      <subfield code="a">63806338</subfield>
    </datafield>
    <datafield tag="029" ind1="1" ind2=" ">
      <subfield code="a">NLGGC</subfield>
      <subfield code="b">86004226X</subfield>
    </datafield>
    <datafield tag="035" ind1=" " ind2=" ">
      <subfield code="a">(OCoLC)1378771887</subfield>
      <subfield code="z">(OCoLC)63806338</subfield>
    </datafield>
    <datafield tag="100" ind1="1" ind2=" ">
      <subfield code="a">Krugten, H. van</subfield>
      <subfield code="q">(Hermanus A.H.)</subfield>
      <subfield code="4">aut</subfield>
      <subfield code="1">https://id.oclc.org/worldcat/entity/E39PCjqRkQbXM8BFPPTPvg4vf3</subfield>
    </datafield>
    <datafield tag="245" ind1="1" ind2="4">
      <subfield code="a">Het mirakeleus beeld van Onze Lieve Vrouw in 't Zand te Roermond en de waardige Joanna van Randenraedt /</subfield>
      <subfield code="c">door  den eerw. pater H. van Krugten.</subfield>
    </datafield>
    <datafield tag="264" ind1=" " ind2="1">
      <subfield code="a">Roermond :</subfield>
      <subfield code="b">Sneldrukpers van J.J. Romen,</subfield>
      <subfield code="c">[1875].</subfield>
    </datafield>
    <datafield tag="300" ind1=" " ind2=" ">
      <subfield code="a">84 pagina's  ;</subfield>
      <subfield code="c">14 cm.</subfield>
    </datafield>
    <datafield tag="336" ind1=" " ind2=" ">
      <subfield code="a">tekst</subfield>
      <subfield code="b">txt</subfield>
      <subfield code="2">rdacontent/dut</subfield>
    </datafield>
    <datafield tag="337" ind1=" " ind2=" ">
      <subfield code="a">zonder medium</subfield>
      <subfield code="b">n</subfield>
      <subfield code="2">rdamedia/dut</subfield>
    </datafield>
    <datafield tag="338" ind1=" " ind2=" ">
      <subfield code="a">band</subfield>
      <subfield code="b">nc</subfield>
      <subfield code="2">rdacarrier/dut</subfield>
    </datafield>
    <datafield tag="651" ind1=" " ind2="7">
      <subfield code="a">Kapel van-Onze-Lieve-Vrouw in 't Zand</subfield>
      <subfield code="g">Roermond</subfield>
      <subfield code="2">gnd</subfield>
    </datafield>
    <datafield tag="600" ind1="1" ind2="7">
      <subfield code="a">Randenraedt, Joanna van</subfield>
      <subfield code="q">(Joanna Baptista),</subfield>
      <subfield code="d">1610-1684.</subfield>
      <subfield code="2">local</subfield>
      <subfield code="0">(NL-LeOCL)073232181</subfield>
    </datafield>
    <datafield tag="651" ind1=" " ind2="7">
      <subfield code="a">Roermond</subfield>
      <subfield code="x">Kapel van-Onze-Lieve-Vrouw in 't Zand.</subfield>
      <subfield code="2">swd</subfield>
    </datafield>
    <datafield tag="776" ind1="0" ind2=" ">
      <subfield code="t">Het mirakeleus beeld van Onze Lieve Vrouw in 't Zand te Roermond en de waardige Joanna van Randenraedt</subfield>
      <subfield code="w">(NL-LeOCL)427418992</subfield>
    </datafield>
  </record>